• 首页
  • 本馆介绍
  • 公告通知
  • 最新文献
  • 馆藏检索
  • 电子资源
  • 读者导购
  • 参考咨询
  • 我的图书馆
  • 登录
  • 详细信息显示
  • 放入我的书架
  • 预约/预借图书
  • 作者相关作品
  • 分类相关作品
  • 丛书相关作品
  • 出版社相关作品

书目信息

  • 表格格式
  • 工作单格式
  • 卡片格式
题名:
五四时期的社团
    
 
作者: 张允候 编
分册: 四  
出版信息: 北京   三联书店  1979
页数: 351页
开本: 20cm
丛书名:
单 册:
中图分类: K261.2
科图分类:
主题词: 中国--历史
电子资源:
ISBN:
000 00584nam0 2200229 45
001 0179007519
005 20040312095432.2
010    @dCNY1.30
091    @a11002.518
100    @a19950724d1979 em y0chiy0121 ea
101 0  @achi
102    @aCN@b110000
105    @af z 000yy
106    @ar
200 10 @a五四时期的社团@Awu si shi qi de she tuan@h四@f张允候等编
210    @a北京@c三联书店@d1979
215    @a351页@c照片@d20cm
606 0  @a中国@x历史
690    @aK261.2
701  0 @a张允候@Azhang yun hou@4编
801  0 @aCN@bNLC@c20040312
905    @f1@b13000@dK261.2@e4:4
    
    五四时期的社团.四/张允候等编.-北京:三联书店,1979
    351页:照片;20cm
    
    
    ISBN :CNY1.30
    
●
相关链接 在E读中查询图书 在五车中查询图书 在当当中查询图书 在豆瓣中查询图书


正题名:五四时期的社团     索取号:K261.2/4:4         预约/预借

序号 登录号 条形码 馆藏地/架位号 状态 备注
1 0013000   001895578   第二样本阅览室/ [索取号:K261.2/4:4] 在馆    
唐山师范学院图书馆 欢迎您!
大连网信软件有限公司© 版权所有